| 000 | 01285nam a2200217Ii 4500 | ||
|---|---|---|---|
| 003 | JO-AjNU | ||
| 008 | 230605s9999||||xx |||||||||||||| ||und|| | ||
| 017 | _a2009/16827 | ||
| 020 | _a977-5159-95-7 | ||
| 040 |
_aJO-AjNU _bara _erda _cJO-AjNU |
||
| 041 | _aara | ||
| 050 | 1 | 4 | _aKRM1024.S5264.2010 |
| 100 | 3 |
_aتأليف الشواربي، عبد الحميد محمد ؛ م، مشارك عاطف الشواربى ، م ، مشارك عمرو الشواربى, _eauthor _943851 |
|
| 245 | 0 | 0 | _aالأوراق التجارية : الكمبيالة، السند لأمر، الشيك وفقا لقانون التجارة رقم 17 لسنة 1999 في ضوء الفقه والقضاء والتشريع مع نماذج العقود والدعاوى التجارية |
| 264 | 3 | 1 | _aالاسكندرية : المكتب الجامعي الحديث ، 2010 |
| 300 | _a793ص | ||
| 336 |
_atext _btxt _2rdacontent |
||
| 337 |
_aunmediated _bn _2rdamedia |
||
| 338 |
_avolume _bnc _2rdacarrier |
||
| 650 | 4 |
_aالأوراق التجارية -- قوانين وتشريعات -- مصر-- الكمبيالات -- قوانين وتشريعات -- السندات -- قوانين وتشريعات -- الشيكات -- قوانين وتشريعات -- القانون التجاري -- مصر _943852 |
|
| 999 |
_aA18882 _c22450 _d22450 |
||